|
|
|
|
| LEADER |
01499nam a2200337 a 4500 |
| 001 |
4516481 |
| 008 |
090706r19992001enka 001 0beng d |
| 010 |
|
|
|a 98196113
|
| 020 |
|
|
|a 817314074X
|
| 040 |
|
|
|a DLC
|c DLC
|
| 082 |
0 |
0 |
|a 811/.52
|a B
|2 21
|
| 100 |
1 |
|
|a Gibran, Kahlil,
|d 1883-1931
|
| 240 |
1 |
0 |
|a Correspondence.
|l English.
|k Selections
|
| 245 |
1 |
0 |
|a Gibran love letters :
|b the love letters of Kahlil Gibran to May Ziadah /
|c translated and edited by Suheil Bushrui and Salma H. al-Kuzbari.
|
| 260 |
|
|
|a Oxford, England ;
|a Rockport, MA, U.S.A. :
|b Oneworld Publications ;
|a New Delhi :
|b Research Press,
|c 1999.[Reprinted 2001]
|
| 300 |
|
|
|a xviii, 118 p. :
|b ill. ;
|c 20 cm.
|
| 500 |
|
|
|a Originally published: Blue flame. Harlow, Essex, England : Longman, 1983.
|
| 504 |
|
|
|a Includes index.
|
| 541 |
1 |
|
|e 00014227
|
| 600 |
1 |
0 |
|a Gibran, Kahlil,
|d 1883-1931
|x Correspondence.
|
| 600 |
1 |
0 |
|a Ziyādah, Mayy
|x Correspondence.
|
| 650 |
|
0 |
|a Authors, Arab
|z United States
|x Biography.
|
| 650 |
|
0 |
|a Authors, Arab
|z Lebanon
|x Biography.
|
| 650 |
|
0 |
|a Mystics
|x Correspondence.
|
| 650 |
|
0 |
|a Love-letters.
|
| 700 |
1 |
|
|a Ziadah, May.
|
| 700 |
1 |
|
|a Bushrui, Suheil B.
|
| 700 |
1 |
|
|a Kuzbari, Salma al- Haffar.
|
| 852 |
4 |
|
|a Ayesha Abed Library
|j General shelf
|
| 999 |
|
|
|c 7532
|d 7532
|
| 952 |
|
|
|0 0
|1 3
|2 ddc
|4 0
|6 811_520000000000000_GIB_2001
|7 0
|9 8153
|a BRACUL
|b BRACUL
|c GEN
|d 2010-02-15
|g 152.00
|l 17
|m 112
|o 811.52 GIB
|p 3010014227
|r 2025-08-14
|s 2025-08-14
|t 1
|v 304.00
|w 2010-02-15
|y BK
|x Lost and cost paid by ID # 23357052
|